[Event "Mexican op 64th"]
[Site "Aguascalientes"]
[Date "2018.03.30"]
[Round "6"]
[White "Hernandez Andres, Gustavo"]
[Black "Almeida Quintana, Omar"]
[Result "0-1"]
[WhiteElo "2141"]
[BlackElo "2521"]
[PlyCount "90"]
[EventDate "2018.03.27"]
[EventType "swiss"]
[EventRounds "9"]
[EventCountry "MEX"]
[SourceTitle "EXT 2019"]
[Source "ChessBase"]
[SourceDate "2018.10.10"]
[SourceVersion "1"]
[SourceVersionDate "2018.10.10"]
[SourceQuality "1"]

1. e4 g6 2. d4 Bg7 3. Nf3 d6 4. h3 a6 5. Nc3 b5 6. a4 b4 7. Nd5 a5 8. Bd3 e6 9. Nf4 Ne7 10. 0-0 0-0 11. Re1 Nd7 12. c3 c5 13. h4 e5 14. Ne2 exd4 15. cxd4 cxd4 16. Nexd4 Nc5 17. Nb3 Bg4 18. Nxc5 dxc5 19. Bc4 Qc7 20. Qb3 Nc6 21. Bd5 Rac8 22. Nh2 Nd4 23. Qc4 Bd7 24. Be3 Kh8 25. b3 f5 26. Rac1 fxe4 27. Bxe4 Qd6 28. Bxd4 cxd4 29. Qd5 Qf4 30. Rcd1 Bc6 31. Qg5 Qxf2+ 32. Kh1 Bxe4 33. Rxe4 Rf5 34. Qg4 Qc2 35. Rexd4 Qxb3 36. Rd8+ Rxd8 37. Rxd8+ Rf8 38. Rxf8+ Bxf8 39. Qd4+ Bg7 40. Qd8+ Qg8 41. Qxa5 Qb8 42. Nf3 b3 43. Nd2 b2 44. Nb1 h5 45. Qd5 Qf4 0-1